|
|
|
|
| LEADER |
00000ny a22000003n 4500 |
| 005 |
20110601132814.0 |
| 008 |
021104s2002 sp 000 0 spa c |
| 017 |
|
|
|a D.L. M.41573-2002
|
| 020 |
|
|
|a 8484940551
|
| 035 |
|
|
|a 1656
|
| 040 |
|
|
|a SpMaUCDE
|d vLex
|
| 040 |
|
|
|a UMA.RE
|d vLex
|
| 080 |
|
|
|a 34:368.18
|
| 080 |
|
|
|a 368.18:34
|
| 090 |
|
|
|c 403
|d 403
|
| 100 |
1 |
|
|a Muǫz Paredes, Mara̕ Luisa
|
| 245 |
1 |
3 |
|a El seguro a primer riesgo
|h [Recurso electrn̤ico]
|c Mara̕ Luisa Muǫz Paredes ; prl̤ogo de Jos ̌Luis Fernǹdez Ruiz
|
| 256 |
|
|
|a Servicio en ln̕ea
|
| 260 |
|
|
|a [Madrid]:
|b Editoriales de Derecho Reunidas,
|c D.L. 2002
|
| 300 |
|
|
|a 316 p. ;
|c 20 cm
|
| 490 |
1 |
|
|a Cuadernos mercantiles ;
|v 23
|
| 504 |
|
|
|a Bibliogr.: p. 301-316
|
| 506 |
1 |
|
|a Contenido solo disponible en los productos indicados
|d vLex Global
|d vLex Global (Academic Edition, excluding Law Schools)
|d vLex Global (U.S. Academic Edition, Law Schools)
|d vLex Global (U.S. Academic Edition, excluding Law Schools)
|d vLex Global (Academic Edition, Law Schools)
|
| 650 |
0 |
7 |
|a Mercantil
|2 Tesauro vLex
|
| 650 |
0 |
7 |
|a Contrato de seguro
|2 Tesauro vLex
|
| 650 |
0 |
7 |
|a Derecho de los seguros
|2 Tesauro vLex
|
| 650 |
0 |
7 |
|a Seguros
|2 Tesauro vLex
|
| 740 |
0 |
|
|a vLex Libros (Servicios en ln̕ea)
|
| 830 |
|
0 |
|a Cuadernos mercantiles (Editoriales de Derecho Reunidas)
|
| 856 |
4 |
0 |
|u http://vlex.com/source/1656
|z Acceso restringido
|
| 942 |
|
|
|c BOOK
|
| 999 |
0 |
|
|a Mercantile system
|b Madrid
|